Statistiques concernant Culture Générale - Série 1638

Cliquez ici pour prendre le quiz!

Statistiques générales

  • Ce quiz a été pris 110 fois
  • Le résultat moyen est 6 sur 10

Statistiques - réponses

QuestionRéponse% Correct
Quand on riposte immédiatement et sur le même ton à une attaque, on répond du tac au...tac
100%
Selon l'expression, pour désigner une chose entre l’agréable et le désagréable, on dit qu'elle est mi-figue, mi-...raisin
98%
On appelle l'arrière d'un navire la poupe. Comment se nomme l'avant ?proue
86%
Quel homme d'État romain, père adoptif de Brutus, est à l'origine de l'expression "franchir le Rubicon" ?Jules César
78%
Quelle chanteuse grecque interpète le tube "L'Amour en héritage" au milieu des années 1980 ?Nana Mouskouri
73%
Dans le roman d'Alexandre Dumas père, dans quel château est emprisonné Edmond Dantès alias le comte de Monte- Cristo ?château d'If
72%
Quel nom portait le Sri Lanka jusqu'en 1972 ?Ceylan
51%
Comment se nomme le détective des romans de Léo Malet, créé en 1943 ?Nestor Burma
25%
Quel artiste américain, décédé en mai 2010, a réalisé le film "Easy rider"Dennis Hopper
15%
Quel mot composé désigne, dans un haras, l'étalon utilisé pour déceler les juments en chaleur ?boute-en-train
6%

Distribution des résultats

Percentile par nombre de réponses

% des personnes avec chaque résultat

Votre développement - résultats

Vous n’avez pas pris ce quiz